| 000 | 00879nam0a22002411i 4500 | ||
|---|---|---|---|
| 001 | rc\694371 | ||
| 005 | 20240723220134.0 | ||
| 035 | _a(NLR Aleph) 005930841 | ||
| 090 |
_a6576558 _c6576558 |
||
| 100 | _a20031121d1985 u |0rusy50 ca | ||
| 101 | 0 | _arus | |
| 102 | _aRU | ||
| 105 | _ay ||||||||| | ||
| 200 | 1 |
_aСоциология Леопольда фон Визе _e(Критич. анализ) _eАвтореф. дис. на соиск. учен. степ. канд. филос. наук _e(09.00.03) |
|
| 210 |
_aМ. _d1985 |
||
| 215 | _a21 с. | ||
| 300 | _aВ надзаг.: АН СССР, Ин-т социол. исслед. | ||
| 600 | 1 |
_aВизе _bЛ. фон _gЛеопольд фон _2psbo |
|
| 700 | 1 |
_aКучава _bВ.А. _gВахтанг Александрович |
|
| 801 | 0 |
_aRU _bNLR _gpsbo |
|
| 801 | 1 |
_aRU _bELAR _2rusmarc |
|
| 852 |
_aNLR _j86-4/15927 |
||
| 942 | _cBOOK | ||